00392nam a2200193Ia 4500003000900000008004100009040001300050040001300063041000800076100001100084245001900095250001100114260001100125260000900136300001200145490000600157600002000163700001500183IT-RoPAU120407s9999 xx 000 0 und d aIT-RoPAU cIT-RoPAU afra aDaniel aHistoire Saint aParis  aFayard c1942 c18,5 cm v1 a1. Storia sacra aHenry Rops